| 000 | 00999nam a2200241 a 4500 | ||
|---|---|---|---|
| 001 | 22795 | ||
| 003 | CO-ViMGA | ||
| 008 | 141112s2004 ck r 000 u spa d | ||
| 020 | _a8497323831 | ||
| 040 |
_aCO-ViMGA _bspa _cCO-ViMGA |
||
| 082 | 0 | 4 | _a658.4038 O548i |
| 100 | 1 |
_aOliva Haba José Ramón _932575 |
|
| 245 | 1 | 0 |
_aExplotación de sistemas de Informáticos : _bInstalación y mantenimiento de equipos y sistemas informáticos |
| 260 |
_aEspaña : _bThomson |
||
| 300 | _a393p. | ||
| 505 | _aArquitectura de un ordenador.componentes físicos y lógicos, Componentes de un ordenador e identificacion de los mismos, Normatividad de seguridad en el trabajo, Memoria tipos. Instalacion | ||
| 650 | 1 | 4 |
_aADMINISTRACION DE EMPRESAS _92735 |
| 650 | 1 | 4 |
_aADMINISTRACION DE LA INFORMACION _932576 |
| 650 | 1 | 4 |
_aADMINISTRACION DE RECURSOS DE INFORMACION _932577 |
| 650 | 1 | 4 |
_aDISEÑOS DE PAGINAS WEB _932578 |
| 650 | 1 | 4 |
_aSISTEMAS DE INFORMACION EN ADMINISTRACION _947645 |
| 942 |
_2ddc _cBK |
||
| 999 |
_c31092 _d31092 |
||